00355pab a2200121 454500008004000000100002000040245009500060260000900155300001400164362000800178650001400186773003300200180718b2004 xxu||||| |||| 00| 0 eng d aBrewer, John D. aImagining the sociological imagination: the biographical context of a sociological classic c2004 ap.317-33. aSep aBiography aBritish Journal of Sociology